000 00777nam a2200277 a 4500
001 2857001
008 840518s1983 enk b 001 0 eng c
010 _a 84672767
020 _a0091522714
040 _aMH
_cCUZ
_dDLC
_dCUZ
_beng
_erda
050 1 4 _aJN2594
_bWRI
100 1 _aWright, Vincent.
245 1 4 _aThe government and politics of France /
_cVincent Wright.
250 _a2nd ed.
264 _aLondon :
_bHutchinson,
_c1983.
300 _a349 p. ;
_c22 cm.
336 _atext
_btxt
337 _aunmediated
_bn
338 _2rdacarrier
440 0 _aHutchinson university library
500 _aIncludes index.
650 0 _aExecutive power
651 0 _aFrance
942 _cOS
999 _c44689
_d44689